000 01207cam a2200325 a 4500
999 _c532211
_d532211
001 15714767
003 OSt
005 20191113111738.0
008 090427s2010 enka b 001 0 eng
010 _a 2009016226
020 _a9781405184571 (pbk. : alk. paper)
020 _a1405184574 (pbk. : alk. paper)
035 _a(OCoLC)ocn319955174
038 _aMSOHAIL
040 _aDLC
_cDLC
_dC#P
_dYDXCP
_dBWX
_dCDX
_dDLC
050 0 0 _aTH438
_b.W56 2010
082 0 0 _a690.068
_222
100 1 _aWinch, Graham.
_925584
245 1 0 _aManaging construction projects :
_ban information processing approach /
_cGraham M. Winch.
250 _a2nd ed.
260 _aChichester ;
_aAmes, Iowa :
_bBlackwell Pub.,
_c2010.
300 _axviii, 522 p. :
_bill. ;
_c25 cm.
504 _aIncludes bibliographical references and indexes.
650 0 _aBuilding
_xSuperintendence.
_919468
650 0 _aBuilding
_xPlanning.
_925585
650 0 _aCommunication of technical information.
_925586
906 _a7
_bcbc
_corignew
_d1
_eecip
_f20
_gy-gencatlg
942 _2ddc
_cBK